| 000 | 00496nam a2200133Ia 4500 | ||
|---|---|---|---|
| 008 | 260210s9999 xx 000 0 und d | ||
| 024 | _a11B-102-EL, 11B-109-EL, 11B-116-EL & 11B-117-EL | ||
| 082 | _a629.27072 SYE | ||
| 100 | _aSyed Faisal Abbas, Nizam Uddin, Muhammad Ali Raza & Syed Muhammad Mustafa | ||
| 245 | 0 | _aHMI Based PLC Controlled Automated Cylindrical Dryers | |
| 260 |
_aKarachi: _bUITU, _c2011 |
||
| 600 | _aElectronic Engineering | ||
| 650 | _aBachelor of Engineering (BE) | ||
| 999 |
_c33158 _d33158 |
||